000 00997nam a22002417a 4500
005 20170508162645.0
010 _a1516EN07 ENG-115638
020 _a9788126549306
_c549.00
035 _aB-599475-512
035 _aB-669760
035 _aEN-99170
037 _adpl
_bAsian Book Centre/Ven
037 _bDBAD/PUB
082 _a510.76
100 _aAnand, P.A.
245 _aWiley, quantitative aptitude/
_cby P. A. Anand
260 _aDelhi
_bWiley India
_c2015
270 _a4435-36/7, Ansari Road, Daryaganj
_bNew Delhi
_e110002
300 _a384p.
_c27cm(pbk)
_bill.
942 _2ddc
_cEN
_h510.76
_mANA
999 _c95623
_d95623